LEADER 01006nam--2200361---450- 001 990003012830203316 005 20071114090713.0 010 $a978-88-430-4281-4 035 $a000301283 035 $aUSA01000301283 035 $a(ALEPH)000301283USA01 035 $a000301283 100 $a20071114d2007----km-y0itay50------ba 101 $aita 102 $aIT 105 $a||||||||001yy 200 1 $aCeramica e archeologia$fMassimo Vidale 210 $aRoma$cCarocci$dcopyr. 2007 215 $a128 p.$d21 cm 225 2 $a<> bussole$iArcheologia$v285 410 0$12001$a<> bussole$iArcheologia 454 1$12001 606 0 $aCeramica$xAntichità 676 $a738.0901 700 1$aVIDALE,$bMassimo$0289909 801 0$aIT$bsalbc$gISBD 912 $a990003012830203316 951 $aXII.3.B. 149$b201515 L.M.$cXII.3.B.$d00063558 959 $aBK 969 $aUMA 979 $aALESSANDRA$b90$c20071114$lUSA01$h0907 996 $aCeramica e archeologia$91024676 997 $aUNISA LEADER 01235nam0-2200385li-450 001 990000177540203316 005 20180312154801.0 035 $a0017754 035 $aUSA010017754 035 $a(ALEPH)000017754USA01 035 $a0017754 100 $a2001990011977-------y0itay0103----ba 101 0 $aeng 102 $aGW 200 1 $aVariational methods in mathematics, science and engineering$fKarel Rektorys 210 $aDordrecht$cReidel Publ. Co.$d1977 215 $a571 p.$d27 cm 300 $atranslated from the czech by michael basch 610 1 $aanalisi funzionale 610 1 $acalcolo delle variazioni 610 1 $ahilbert, spazi di 676 $a5157$9Analisi funzionale 700 1$aRektorys,$bKarel$013940 801 $aSistema bibliotecario di Ateneo dell' Università di Salerno$gRICA 912 $a990000177540203316 951 $a515.7 REK (1)$b3416/CBS$c515.7$d00221934 959 $aBK 969 $aSCI 979 $c19900123 979 $c20001110$lUSA01$h1713 979 $c20020403$lUSA01$h1625 979 $aPATRY$b90$c20040406$lUSA01$h1613 979 $aRSIAV7$b90$c20090528$lUSA01$h1319 996 $aVariational Methods in Mathematics, Science and Engineering$9340747 997 $aUNISA LEADER 01166cam0-2200337---450 001 990004710600403321 005 20250311110931.0 035 $aFED01000471060 100 $a19990604d1971----km-y0itay50------ba 101 0 $afre 102 $aFR 105 $ay-------001yy 200 1 $aNouveau choix d'inscriptions grecques$etextes, traductions, commentaires$fpar l'Institut Fernand-Courby 210 $aParis$cLes Belles Lettres$d1971 215 $a234 p.$d25 cm 225 1 $aNouvelle collection de textes et documents 610 0 $aEpigrafia greca 610 0 $aIscrizioni greche$aSelezione 676 $a481.1 676 $a481.7 712 02$aInstitut Fernand Courby$c 801 0$aIT$bUNINA$gRICA$2UNIMARC 901 $aBK 912 $a990004710600403321 952 $aP2B-100-N.C.I.G.-1971$bIst.Fil.cl. 1111$fFLFBC$m10-52446 952 $aP2B-100-N.C.I.G.-1971 bis$bs.i.$fFLFBC$m10-52449 952 $aP2B-100-N.C.I.G.-1971 ter$bIst.St.Ant.gr.rom. 988$fFLFBC$mBRAU-30214 952 $aP2B-100-N.C.I.G.-1971 quater$bBibl. 45918$fFLFBC$mBRAU-30244 959 $aFLFBC 996 $aNouveau choix d'inscriptions grecques$9555669 997 $aUNINA